1964 1288 1926 1490 1220 1812 1390 1165 1794 1319 1769 1564 1656 1722 1218 1007 1581 1152 1333 1008 1079 1587 1790 1666 1143 1326 1074 1905 1897 1648 1523 1298 1953 1610 1091 1839 1438 1641 1179 1810 1292 1235 1025 1097 1766 1037 1402 1393 1785 1640 1620 1048 1905 1285 1997 1406 1231 1656 1781 1178 1499 1836 1551 1255 1231 1213 1374 1910 1951 1362 1289 1236 1409 1778 1645 1738 1172 1044 1802 1060 1195 1885 1535 1849 1989 1433 1980 1799 1561 1580 1533 1348 1891 1430 1693 1726 1764 1458 1404 BCNSPRNW ULIB Ver.6.0+V

เปลี่ยนเป็นภาษาไทย

Change to English
 แสดงรายละเอียดบรรณานุกรม
  กลับหน้าหลัก

Brief Record : Get Marc (ISO 2709) : E-mail record : QR code < ปิดหน้าต่าง
LEADER : 00000nam 2200000uu 4500
001    13399120577
003     ULIB
008    120927s2552||||th 000 0 tha d
020    ^a9789741111909
060 04 ^aWS100^bก723 2552 ล.1
245 00 ^aกุมารเวชศาสตร์ สำหรับนักศึกษาแพทย์ เล่มที่ 1 /^cบรรณาธิการ, เปรมฤดี ภูมิถาวร ... [และคนอื่น ๆ]
250    ^aพิมพ์ครั้งที่ 1
260    ^aกรุงเทพฯ :^bภาควิชากุมารเวชศาสตร์คณะแพทยศาสตร์โรงพยาบาลรามาธิบดี มหาวิทยาลัยมหิดล,^c2552
300    ^a[13] ; 437 หน้า :^bภาพประกอบ ;^c27 ซม.
650  2 ^aDisease^xin infancy & childhood
650  2 ^aPediatrics
650  7 ^aกุมารเวชศาสตร์
650  7 ^aโรคเด็ก
650  7 ^aผู้ป่วย^xโรคเด็ก
700 0  ^aเปรมฤดี ภูมิถาวร,^eบรรณาธิการ
700 0  ^aสุวัฒนื เบญจพลพิทักษ์,^eบรรณาธิการ
700 0  ^aกาญจนา ตั้งนรารัชชกิจ,^eบรรณาธิการ
700 0  ^aสุเทพ วาณิชย์กุล,^eบรรณาธิการ
700 0  ^aสุรางค์ เจียมจรรยา,^eบรรณาธิการ
710 2  ^aมหาวิทยาลัยมหิดล. ^bคณะแพทยศาสตร์โรงพยาบาลรามาธิบดี.^bภาควิชากุมารเวชศาสตร์
945    ^p500^l0^i17974
945    ^p500^l0^i17975
945    ^p500^l0^i17976
945    ^p500^l0^i17977
945    ^p500^l0^i17978
995    ^aวิภา
999 ^a ใช้งานได้ทุกระบบ
รายการนี้ยังไม่มีแท็ก
คุณยังไม่ได้ล็อกอิน คุณสามารถมีกิจกรรมร่วมกับเว็บไซต์ได้ แต่ต้องล็อกอินก่อน ::
  ล็อกอิน

รายการสื่อสารสนเทศ

ลำดับที่ ประเภท เลขเรียก/บาร์โค้ด สถานที่ สถานะ
1. วิทยาศาสตร์การแพทย์ และสุขภาพ
วิทยาศาสตร์การแพทย์ และสุขภาพ
สถานะ=หนังสือเก่า
WS100 ก723 2552 ล.1 ฉ.3 
  Barcode: 17976
ห้องสมุดวิทยาเขตนครสวรรค์
►ส่วนจัดเก็บหนังสือเก่า นว.
บนชั้น
  ขอยืม

รายการใกล้เคียง
    หัวเรื่อง [Pediatrics]
    หัวเรื่อง [กุมารเวชศาสตร์]
    หัวเรื่อง [โรคเด็ก]

BibComment


ยังไม่เคยถูกคอมเมนท์

คอมเมนท์ทรัพยากรรายการนี้
  คอมเมนท์: กุมารเวชศาสตร์ ส..


 Copyright 2026. Bcnsprnw @Library